Wales WC 2022 Squad - Statistics

General Stats
  • This quiz has been taken 16 times
  • The average score is 12 of 26
Answer Stats
Hint # Answer % Correct
LAFC 11 Gareth Bale
100%
Nice 10 Aaron Ramsey
81%
Sheffield Utd 21 Adam Davies
75%
Spurs 4 Ben Davies
75%
Nottingham 3 Neco Williams
75%
Leicester City 12 Danny Ward
69%
Swindon Town 18 Jonathan Williams
69%
Nottingham 1 Wayne Hennessey
69%
Bournemouth 13 Kieffer Moore
63%
Fulham 20 Daniel James
56%
Fulham 8 Harry Wilson
56%
Stade Rennais 6 Joe Rodon
56%
Nottingham 9 Brennan Johnson
50%
Bournemouth 5 Chris Mepham
50%
Burnley 14 Connor Roberts
50%
Spezia 15 Ethan Ampadu
50%
Swansea 7 Joe Allen
50%
Swansea 24 Ben Cabango
19%
Wimbledon 2 Chris Gunter
19%
Portsmouth 16 Joe Morrell
19%
MK Dons 26 Matt Smith
19%
Luton Town 17 Tom Lockyer
19%
Cardiff City 19 Mark Harris
13%
Cardiff City 25 Rubin Colwill
13%
Huddersfield 22 Sorba Thomas
13%
Dundee 23 Dylan Levitt
6%
No matching quizzes found
Score Distribution
Percent of People with Each Score
Percentile by Number Answered
Your Score History
You have not taken this quiz